Sports Quiz

Random Sports or Play Quiz
Score 0/22 Timer 10:00
0 Plays Today
Hint Answer % Correct
1998Mats Sundin
99.1%
2002Mats Sundin
99.1%
2006Mats Sundin
99.1%
2010Phil Kessel
96.3%
2014Phil Kessel
96.3%
2014James van Riemsdyk
93.6%
2002Tomas Kaberle
84.4%
2006Tomas Kaberle
84.4%
2014Nikolai Kulemin
79.8%
2006Nik Antropov
73.4%
2002Curtis Joseph
66.1%
Hint Answer % Correct
2010Jonas Gustavsson
66.1%
2006Bryan McCabe
65.1%
2002Mikael Renberg
54.1%
2002Robert Reichel
43.1%
2002Aki Berg
38.5%
2006Aki Berg
38.5%
2002Jyrki Lumme
26.6%
2006Mikael Tellqvist
25.7%
1998Dmitri Yushkevich
22%
1998Mathieu Schneider
21.1%
1998Martin Prochazka
11%
Remove Ads.
Support Sporcle.
Get the best of Sporcle when you Go Orange. This ad-free experience offers more features, more stats, and more fun while also helping to support Sporcle. Thank you for becoming a member.

You're not logged in!

Compare scores with friends on all Sporcle quizzes.
OR
Log In

Show Comments

Extras

Top Quizzes Today


Score Distribution

Your Account Isn't Verified!

In order to create a playlist on Sporcle, you need to verify the email address you used during registration. Go to your Sporcle Settings to finish the process.

Report this User

Report this user for behavior that violates our Community Guidelines.

Details: